[Event "2. Bundesliga Ost 2017/2018"]
[Site "alle Wien"]
[Date "2018.02.25"]
[Round "9"]
[Board "1"]
[White "Polak, Tomas"]
[Black "Lizak, Peter"]
[Result "1/2-1/2"]
[WhiteElo "2503"]
[BlackElo "2451"]
[PlyCount "33"]
[EventDate "2017.10.21"]
[EventType "team"]
[EventRounds "11"]
[EventCountry "AUT"]
[WhiteTeam "SK Hietzing"]
[BlackTeam "SC Data Technology Pressbaum/E."]

1. d4 e6 2. c4 b6 3. a3 Bb7 4. Nc3 Nf6 5. Nf3 Ne4 6. Qc2 Nxc3 7. Qxc3 Be7 8. g3
Bf6 9. Bg2 c5 10. Be3 Be4 11. Qd2 Nc6 12. dxc5 Na5 13. Rd1 Nxc4 14. Qc1 Nxb2
15. Rd4 Bxf3 16. Bxf3 bxc5 17. Qxc5  1/2-1/2

[Event "2. Bundesliga Ost 2017/2018"]
[Site "alle Wien"]
[Date "2018.02.25"]
[Round "9"]
[Board "2"]
[White "Videki, Sandor"]
[Black "Pisk, Petr"]
[Result "1-0"]
[WhiteElo "2416"]
[BlackElo "2333"]
[PlyCount "73"]
[EventDate "2017.10.21"]
[EventType "team"]
[EventRounds "11"]
[EventCountry "AUT"]
[WhiteTeam "SC Data Technology Pressbaum/E."]
[BlackTeam "SK Hietzing"]

1. Nf3 Nf6 2. c4 e6 3. d4 d5 4. Nc3 Bb4 5. e3 c5 6. cxd5 exd5 7. dxc5 O-O 8.
Be2 Ne4 9. Bd2 Bxc3 10. Bxc3 Nxc3 11. bxc3 Qa5 12. O-O Qxc5 13. Qb3 Nc6 14.
Rfd1 Rd8 15. c4 Na5 16. Qd3 Be6 17. Ng5 g6 18. Nxe6 fxe6 19. Bg4 dxc4 20. Bxe6+
Kf8 21. Qc3 Ke7 22. Bg4 Kf7 23. Rd4 Rxd4 24. exd4 Qd5 25. Bf3 Qf5 26. g4 Qd3
27. Bd5+ Kg7 28. Qxa5 Qxd4 29. Rc1 Qxg4+ 30. Kh1 Rc8 31. Qc3+ Kh6 32. Rg1 Qh4
33. Qe3+ Kg7 34. Bxb7 Rf8 35. Rg3 Qf6 36. Kg2 Qb2 37. Qc3+  1-0

[Event "2. Bundesliga Ost 2017/2018"]
[Site "alle Wien"]
[Date "2018.02.25"]
[Round "9"]
[Board "3"]
[White "Penz, Harald"]
[Black "Rumpl, Erwin"]
[Result "1/2-1/2"]
[WhiteElo "2311"]
[BlackElo "2267"]
[PlyCount "123"]
[EventDate "2017.10.21"]
[EventType "team"]
[EventRounds "11"]
[EventCountry "AUT"]
[WhiteTeam "SK Hietzing"]
[BlackTeam "SC Data Technology Pressbaum/E."]

1. e4 e6 2. d4 d5 3. exd5 Qxd5 4. Nf3 Nf6 5. Be2 Be7 6. O-O O-O 7. c4 Qd8 8.
Nc3 Nbd7 9. Qc2 b6 10. Bf4 Bd6 11. Be3 Bb7 12. Nb5 Qe7 13. Rac1 a6 14. Nxd6
cxd6 15. b4 Rfc8 16. a3 h6 17. Qb2 Rab8 18. h3 Bxf3 19. Bxf3 d5 20. Bf4 Rb7 21.
Qe2 Nf8 22. cxd5 Rxc1 23. Rxc1 Nxd5 24. Bxd5 exd5 25. Qxe7 Rxe7 26. Rc8 Rd7 27.
Ra8 f6 28. Kf1 Kf7 29. Rxa6 Ne6 30. Be3 Rb7 31. Ra8 Nc7 32. Rc8 Ke7 33. Ke2 Kd7
34. Rh8 Nb5 35. Rh7 Kc8 36. a4 Nc3+ 37. Kf3 Nxa4 38. Kg4 b5 39. Kf5 Rc7 40. Kg6
Rc4 41. Rxg7 Rxb4 42. Kxf6 Rc4 43. Ra7 Nc3 44. Ke5 b4 45. Bd2 Ne4 46. Bxb4 Rxb4
47. f3 Nc3 48. Ra6 Kd7 49. Rxh6 Rb2 50. Rh7+ Kc6 51. g4 Re2+ 52. Kf4 Nb5 53. g5
Nxd4 54. Kg3 Ne6 55. g6 d4 56. g7 Nxg7 57. Rxg7 d3 58. Rg8 Kc5 59. h4 d2 60.
Rd8 Kc4 61. h5 Kc3 62. Rc8+  1/2-1/2

[Event "2. Bundesliga Ost 2017/2018"]
[Site "alle Wien"]
[Date "2018.02.25"]
[Round "9"]
[Board "4"]
[White "Neumeier, Klaus"]
[Black "Vyskocil, Neklan"]
[Result "0-1"]
[WhiteElo "2302"]
[BlackElo "2316"]
[PlyCount "44"]
[EventDate "2017.10.21"]
[EventType "team"]
[EventRounds "11"]
[EventCountry "AUT"]
[WhiteTeam "SC Data Technology Pressbaum/E."]
[BlackTeam "SK Hietzing"]

1. Nf3 Nf6 2. c4 g6 3. g3 Bg7 4. Bg2 O-O 5. d4 c6 6. O-O d5 7. cxd5 cxd5 8. Nc3
Nc6 9. Ne5 Qa5 10. Nxc6 bxc6 11. Bf4 Nd7 12. e4 e6 13. Bd6 Rd8 14. e5 Ba6 15.
Re1 c5 16. dxc5 Nxc5 17. a3 Nd3 18. b4 Qb6 19. Re3 Rxd6 20. Na4 Qc6 21. Rxd3
Bxd3 22. Rc1 Be2  0-1

[Event "2. Bundesliga Ost 2017/2018"]
[Site "alle Wien"]
[Date "2018.02.25"]
[Round "9"]
[Board "5"]
[White "Djeno, Drago"]
[Black "Hechl, Gerald"]
[Result "0-1"]
[WhiteElo "2238"]
[BlackElo "2325"]
[PlyCount "68"]
[EventDate "2017.10.21"]
[EventType "team"]
[EventRounds "11"]
[EventCountry "AUT"]
[WhiteTeam "SK Hietzing"]
[BlackTeam "SC Data Technology Pressbaum/E."]

1. Nf3 d5 2. g3 Nc6 3. c4 d4 4. d3 e5 5. Bg2 Bb4+ 6. Nbd2 a5 7. O-O Nf6 8. a3
Be7 9. b3 O-O 10. Qc2 Bf5 11. Nh4 Bg4 12. Bf3 Qd7 13. Ng2 Bxf3 14. exf3 Qf5 15.
Ne1 Qh3 16. Qd1 Nh5 17. Ng2 f5 18. Re1 Rae8 19. Nf1 f4 20. Qe2 Bd6 21. Qe4 Nf6
22. Qe2 Nd7 23. Rb1 Re7 24. Qe4 Kh8 25. Qd5 Nc5 26. b4 axb4 27. axb4 Nxd3 28.
c5 fxg3 29. Nxg3 Nxe1 30. Nxe1 e4 31. cxd6 Re5 32. Qxe5 Nxe5 33. fxe4 Ng4 34.
Nd3 Qxh2+  0-1

[Event "2. Bundesliga Ost 2017/2018"]
[Site "alle Wien"]
[Date "2018.02.25"]
[Round "9"]
[Board "6"]
[White "Weissenbeck, Manuel"]
[Black "Belke, Frank"]
[Result "1/2-1/2"]
[WhiteElo "2268"]
[BlackElo "2299"]
[PlyCount "97"]
[EventDate "2017.10.21"]
[EventType "team"]
[EventRounds "11"]
[EventCountry "AUT"]
[WhiteTeam "SC Data Technology Pressbaum/E."]
[BlackTeam "SK Hietzing"]

1. d4 Nf6 2. Nf3 g6 3. c4 Bg7 4. Nc3 d5 5. cxd5 Nxd5 6. e4 Nxc3 7. bxc3 c5 8.
Be3 Qa5 9. Qd2 O-O 10. Rc1 Bg4 11. d5 Bxf3 12. gxf3 c4 13. Bd4 Nd7 14. Bxg7
Kxg7 15. Bxc4 Rac8 16. Be2 b5 17. c4 b4 18. h4 h5 19. Rb1 Rb8 20. f4 Qc5 21. f5
Ne5 22. Rc1 b3 23. Qc3 b2 24. Rb1 Qb4 25. Rh3 gxf5 26. f4 Qxc3+ 27. Rxc3 Ng6
28. Rg3 Kh7 29. exf5 Nxf4 30. Rf3 Nxe2 31. Kxe2 Rg8 32. Kf2 Rg4 33. Rb3 Rc8 34.
R1xb2 Rcxc4 35. Re3 Rxh4 36. Rb7 Rhf4+ 37. Kg3 Rg4+ 38. Kf3 Rcf4+ 39. Ke2 Rg2+
40. Kd3 Rxf5 41. Rexe7 Kg6 42. d6 Rd5+ 43. Ke4 Rxd6 44. Rxf7 Re2+ 45. Kf3 Rxa2
46. Rxa7 Rd3+ 47. Ke4 Rxa7 48. Rxa7 Rd1 49. Kf4  1/2-1/2

[Event "2. Bundesliga Ost 2017/2018"]
[Site "alle Wien"]
[Date "2018.02.25"]
[Round "9"]
[Board "1"]
[White "Stanec, Nikolaus"]
[Black "Burlacu, Bogdan"]
[Result "1/2-1/2"]
[WhiteElo "2470"]
[BlackElo "2293"]
[PlyCount "55"]
[EventDate "2017.10.21"]
[EventType "team"]
[EventRounds "11"]
[EventCountry "AUT"]
[WhiteTeam "SC Donaustadt"]
[BlackTeam "SK Mostarrichi"]

1. d4 Nf6 2. Nf3 g6 3. c3 Bg7 4. Bg5 O-O 5. Nbd2 d5 6. e3 b6 7. Be2 Bb7 8. O-O
Nbd7 9. h3 c5 10. Bf4 Ne4 11. Bh2 Nxd2 12. Qxd2 e6 13. b4 Nf6 14. bxc5 bxc5 15.
Qb2 Qc8 16. Qa3 Ne4 17. Rfc1 c4 18. Rab1 Rd8 19. Qa5 Bf8 20. Bd1 f6 21. Bc2 Nd6
22. Ba4 Bc6 23. Nd2 Rd7 24. Rc2 Be7 25. Bxc6 Qxc6 26. Rcb2 Rc8 27. Rb8 Kf7 28.
Rxc8  1/2-1/2

[Event "2. Bundesliga Ost 2017/2018"]
[Site "alle Wien"]
[Date "2018.02.25"]
[Round "9"]
[Board "2"]
[White "Hofmann, Thomas"]
[Black "Pingitzer, Harald"]
[Result "1/2-1/2"]
[WhiteElo "2304"]
[BlackElo "2330"]
[PlyCount "26"]
[EventDate "2017.10.21"]
[EventType "team"]
[EventRounds "11"]
[EventCountry "AUT"]
[WhiteTeam "SK Mostarrichi"]
[BlackTeam "SC Donaustadt"]

1. d4 d5 2. c4 c6 3. Nc3 e6 4. e3 Nf6 5. Nf3 Nbd7 6. Bd3 dxc4 7. Bxc4 b5 8. Bd3
Bd6 9. O-O Bb7 10. e4 e5 11. dxe5 Nxe5 12. Nxe5 Bxe5 13. Kh1 Qd7  1/2-1/2

[Event "2. Bundesliga Ost 2017/2018"]
[Site "alle Wien"]
[Date "2018.02.25"]
[Round "9"]
[Board "3"]
[White "Exler, Veronika"]
[Black "Ehs, Dominik"]
[Result "1/2-1/2"]
[WhiteElo "2175"]
[BlackElo "2082"]
[PlyCount "60"]
[EventDate "2017.10.21"]
[EventType "team"]
[EventRounds "11"]
[EventCountry "AUT"]
[WhiteTeam "SC Donaustadt"]
[BlackTeam "SK Mostarrichi"]

1. Nf3 Nf6 2. g3 g6 3. b3 Bg7 4. Bb2 O-O 5. d4 d6 6. Bg2 Nc6 7. O-O e5 8. dxe5
Nd7 9. c4 dxe5 10. e4 Re8 11. Nc3 Nc5 12. Qxd8 Rxd8 13. Nd5 Na6 14. Rad1 Bg4
15. h3 Bxf3 16. Bxf3 Nd4 17. Bg2 c6 18. Ne3 h5 19. Kh2 Bh6 20. Bxd4 exd4 21.
Nc2 Bg7 22. Ne1 Nc5 23. Nd3 Nxd3 24. Rxd3 c5 25. f4 Rab8 26. e5 b5 27. Bd5 bxc4
28. Bxc4 Re8 29. Rd2 Rb7 30. h4 Kh7  1/2-1/2

[Event "2. Bundesliga Ost 2017/2018"]
[Site "alle Wien"]
[Date "2018.02.25"]
[Round "9"]
[Board "4"]
[White "Steiner, Heinz"]
[Black "Schwab, Lukas"]
[Result "1/2-1/2"]
[WhiteElo "2141"]
[BlackElo "2196"]
[PlyCount "97"]
[EventDate "2017.10.21"]
[EventType "team"]
[EventRounds "11"]
[EventCountry "AUT"]
[WhiteTeam "SK Mostarrichi"]
[BlackTeam "SC Donaustadt"]

1. d4 d5 2. Nf3 Nf6 3. Bg5 e6 4. e3 Nbd7 5. Bd3 Bd6 6. Nbd2 h6 7. Bh4 c5 8. c3
Qb6 9. b3 a6 10. Bg3 Bxg3 11. hxg3 Qd6 12. Rc1 b5 13. e4 dxe4 14. Nxe4 Nxe4 15.
Bxe4 Ra7 16. O-O Nf6 17. Qe2 O-O 18. Rfd1 Nxe4 19. Qxe4 Bb7 20. Qe3 Bxf3 21.
gxf3 Rc7 22. Kg2 Rfc8 23. Rd2 Rc6 24. Rcd1 cxd4 25. Rxd4 Qe7 26. Rd7 Qf6 27.
Qe4 Rxc3 28. Ra7 e5 29. Rdd7 Rf8 30. Re7 Rc5 31. Qe3 Rd5 32. Qe4 Rd2 33. Qe3
Rxa2 34. Rxe5 Rc2 35. Rae7 Rcc8 36. Qe4 Qc6 37. Qg4 Rce8 38. Qf4 Rxe7 39. Rxe7
Qd5 40. b4 Rc8 41. Re5 Qc4 42. Re4 Qc6 43. Re7 Qg6 44. Qe5 Qc6 45. Qf4 Rf8 46.
Rc7 Qb6 47. Rd7 a5 48. bxa5 Qxa5 49. Rb7  1/2-1/2

[Event "2. Bundesliga Ost 2017/2018"]
[Site "alle Wien"]
[Date "2018.02.25"]
[Round "9"]
[Board "5"]
[White "Schwab, Rene"]
[Black "Rechberger, Franz"]
[Result "1-0"]
[WhiteElo "2139"]
[BlackElo "2141"]
[PlyCount "103"]
[EventDate "2017.10.21"]
[EventType "team"]
[EventRounds "11"]
[EventCountry "AUT"]
[WhiteTeam "SC Donaustadt"]
[BlackTeam "SK Mostarrichi"]

1. d4 Nf6 2. c4 e6 3. Nc3 Bb4 4. f3 c5 5. a3 Bxc3+ 6. bxc3 d6 7. e3 O-O 8. Bd3
Nc6 9. Ne2 e5 10. d5 Ne7 11. Ng3 b5 12. e4 Qa5 13. Bd2 bxc4 14. Bxc4 Rb8 15.
Bd3 Ng6 16. c4 Qc7 17. Ne2 Qe7 18. O-O Nh5 19. g3 Bh3 20. Rf2 Rb2 21. Bc1 Rb7
22. Nc3 Rfb8 23. Rb1 Rxb1 24. Nxb1 Nf8 25. Nc3 g6 26. Rb2 Re8 27. Qc2 Qf6 28.
Qf2 Qe7 29. Qc2 f5 30. Bf1 Bxf1 31. Kxf1 Nf6 32. Bg5 h6 33. Bxh6 N8h7 34. exf5
Qd7 35. fxg6 Qh3+ 36. Kg1 Qxh6 37. gxh7+ Nxh7 38. Ne4 Qe3+ 39. Kg2 Rf8 40. Rb3
Qh6 41. Rb7 Qh5 42. Qb3 Ng5 43. Nxg5 Qxg5 44. Qc2 Qh5 45. Qe4 Qh6 46. Qg4+ Kh8
47. Rxa7 Rb8 48. Qh4 Qxh4 49. gxh4 Rb3 50. Ra6 Rc3 51. Rxd6 Rxa3 52. Rc6  1-0

[Event "2. Bundesliga Ost 2017/2018"]
[Site "alle Wien"]
[Date "2018.02.25"]
[Round "9"]
[Board "6"]
[White "Koller, Hubert"]
[Black "Hofbauer, Peter"]
[Result "1/2-1/2"]
[WhiteElo "2014"]
[BlackElo "2046"]
[PlyCount "27"]
[EventDate "2017.10.21"]
[EventType "team"]
[EventRounds "11"]
[EventCountry "AUT"]
[WhiteTeam "SK Mostarrichi"]
[BlackTeam "SC Donaustadt"]

1. e4 Nf6 2. e5 Nd5 3. c4 Nb6 4. c5 Nd5 5. Nc3 Nxc3 6. dxc3 e6 7. Qg4 d6 8. Bg5
Qd7 9. cxd6 cxd6 10. Nf3 d5 11. Nd4 Nc6 12. Bb5 a6 13. Bxc6 bxc6 14. O-O
 1/2-1/2

[Event "2. Bundesliga Ost 2017/2018"]
[Site "alle Wien"]
[Date "2018.02.25"]
[Round "9"]
[Board "1"]
[White "Zilka, Stepan"]
[Black "Pacher, Milan"]
[Result "1/2-1/2"]
[WhiteElo "2527"]
[BlackElo "2433"]
[PlyCount "78"]
[EventDate "2017.10.21"]
[EventType "team"]
[EventRounds "11"]
[EventCountry "AUT"]
[WhiteTeam "Blackburne Nickelsdorf"]
[BlackTeam "SK Austria"]

1. c4 Nf6 2. Nc3 e5 3. Nf3 Nc6 4. g3 d5 5. cxd5 Nxd5 6. Bg2 Nb6 7. O-O Be7 8.
d3 O-O 9. a3 Be6 10. Be3 Qd7 11. Rc1 Rad8 12. Ne4 Bd5 13. Nc3 Be6 14. Ne4 Bd5
15. Nc5 Bxc5 16. Bxc5 Rfe8 17. Re1 f6 18. b4 Qf7 19. Qc2 e4 20. dxe4 Bxe4 21.
Ng5 Bxc2 22. Nxf7 Rd2 23. b5 Na4 24. Be3 Rxe3 25. fxe3 Na5 26. Nd8 Nc3 27. Ne6
Nb3 28. Nd4 Nxc1 29. Rxc1 Nxe2+ 30. Nxe2 Rxe2 31. Bxb7 Kf8 32. Bf3 Rd2 33. Kf1
Bd3+ 34. Ke1 Rc2 35. Rxc2 Bxc2 36. Kd2 Ba4 37. Be2 Ke7 38. Kc3 c5 39. bxc6 Bxc6
 1/2-1/2

[Event "2. Bundesliga Ost 2017/2018"]
[Site "alle Wien"]
[Date "2018.02.25"]
[Round "9"]
[Board "2"]
[White "Hangweyrer, Manfred"]
[Black "Schwarhofer, Christopher"]
[Result "1/2-1/2"]
[WhiteElo "2370"]
[BlackElo "2370"]
[PlyCount "47"]
[EventDate "2017.10.21"]
[EventType "team"]
[EventRounds "11"]
[EventCountry "AUT"]
[WhiteTeam "SK Austria"]
[BlackTeam "Blackburne Nickelsdorf"]

1. e4 d5 2. exd5 Qxd5 3. Nf3 c6 4. d4 Bg4 5. Be2 e6 6. h3 Bh5 7. O-O Nf6 8. c4
Qd8 9. Nc3 Bd6 10. Be3 O-O 11. Ne5 Bxe2 12. Qxe2 Nbd7 13. f4 c5 14. Rad1 cxd4
15. Bxd4 Qe7 16. Nxd7 Nxd7 17. Ne4 Bc7 18. Bc3 Rad8 19. b4 f5 20. Ng5 Rfe8 21.
g3 h6 22. Nf3 Nf6 23. Bxf6 Qxf6 24. Rfe1  1/2-1/2

[Event "2. Bundesliga Ost 2017/2018"]
[Site "alle Wien"]
[Date "2018.02.25"]
[Round "9"]
[Board "3"]
[White "Bury, Rastislav"]
[Black "Sardy, Peter"]
[Result "0-1"]
[WhiteElo "2158"]
[BlackElo "2358"]
[PlyCount "92"]
[EventDate "2017.10.21"]
[EventType "team"]
[EventRounds "11"]
[EventCountry "AUT"]
[WhiteTeam "Blackburne Nickelsdorf"]
[BlackTeam "SK Austria"]

1. d4 d6 2. Nf3 g6 3. g3 Nf6 4. Bg2 Bg7 5. O-O O-O 6. c4 Nc6 7. Nc3 e5 8. h3
Bd7 9. e4 exd4 10. Nxd4 Re8 11. Be3 a6 12. Nxc6 Bxc6 13. Qd3 Nd7 14. Rad1 Bxc3
15. bxc3 Qe7 16. f3 Qe6 17. Bd4 b5 18. Qd2 Qxc4 19. Qh6 f6 20. h4 Qf7 21. Bh3
Nf8 22. h5 Bd7 23. g4 Ne6 24. hxg6 hxg6 25. g5 Nxd4 26. Bxd7 Re5 27. cxd4 Rxg5+
28. Kf2 Rh5 29. Qxh5 gxh5 30. Bc6 Re8 31. Bd5 Re6 32. f4 f5 33. e5 c6 34. Bxe6
Qxe6 35. Rd2 Kf7 36. Re1 h4 37. Kg1 a5 38. Rh2 Qh6 39. e6+ Ke7 40. Rf2 Qf6 41.
Rd2 Qg7+ 42. Rg2 Qxd4+ 43. Kh1 b4 44. Rg5 Qc3 45. Rf1 Kxe6 46. Rg6+ Ke7  0-1

[Event "2. Bundesliga Ost 2017/2018"]
[Site "alle Wien"]
[Date "2018.02.25"]
[Round "9"]
[Board "4"]
[White "Nagy, Bence"]
[Black "Bachofner, Andreas"]
[Result "1-0"]
[WhiteElo "2343"]
[BlackElo "2186"]
[PlyCount "111"]
[EventDate "2017.10.21"]
[EventType "team"]
[EventRounds "11"]
[EventCountry "AUT"]
[WhiteTeam "SK Austria"]
[BlackTeam "Blackburne Nickelsdorf"]

1. e4 d5 2. exd5 Qxd5 3. Nc3 Qa5 4. d4 Nf6 5. Nf3 c6 6. Bc4 Bf5 7. Bd2 e6 8.
Nd5 Qd8 9. Nxf6+ gxf6 10. Qe2 Nd7 11. O-O-O Qc7 12. Nh4 Bg6 13. Nxg6 hxg6 14.
Bxe6 fxe6 15. Qxe6+ Kd8 16. Rhe1 Bd6 17. c4 b5 18. c5 Bf4 19. d5 cxd5 20. Qxd5
Rc8 21. Kb1 Bxd2 22. Rxd2 Qc6 23. Qf7 Kc7 24. Rxd7+ Qxd7 25. Re7 Qxe7 26. Qxe7+
Kc6 27. Qxa7 Kd5 28. b4 Rce8 29. Qf7+ Kd4 30. Qxf6+ Kc4 31. Qf4+ Kc3 32. Qc1+
Kxb4 33. c6 Rc8 34. Kb2 Ka5 35. Qc5 Ka6 36. Qd6 Rhd8 37. Qxg6 Rd4 38. Qe6 Rc7
39. h4 Rc4 40. h5 R7xc6 41. Qe1 Rh4 42. Qe2 Rb4+ 43. Ka3 Rcc4 44. Qe6+ Ka5 45.
Qe1 Rd4 46. Qc3 Rdc4 47. Qe3 Ra4+ 48. Kb2 Rab4+ 49. Ka1 Rd4 50. Qe1 Ka4 51. h6
Rd7 52. a3 Kxa3 53. Qc3+ Ka4 54. h7 Rb3 55. h8=Q Rd1+ 56. Ka2  1-0

[Event "2. Bundesliga Ost 2017/2018"]
[Site "alle Wien"]
[Date "2018.02.25"]
[Round "9"]
[Board "5"]
[White "Kuntner, Reinhard"]
[Black "Macko, Miroslav"]
[Result "0-1"]
[WhiteElo "2055"]
[BlackElo "2245"]
[PlyCount "82"]
[EventDate "2017.10.21"]
[EventType "team"]
[EventRounds "11"]
[EventCountry "AUT"]
[WhiteTeam "Blackburne Nickelsdorf"]
[BlackTeam "SK Austria"]

1. c4 e6 2. Nf3 d5 3. e3 Nf6 4. b3 b6 5. Bb2 Bb7 6. Be2 Be7 7. O-O O-O 8. d3 c5
9. Nbd2 Nc6 10. a3 Qc7 11. Rc1 Rfd8 12. cxd5 Rxd5 13. d4 Rad8 14. Bc4 R5d7 15.
Qe2 cxd4 16. exd4 Qb8 17. Bxe6 fxe6 18. Qxe6+ Kh8 19. Rxc6 Bxc6 20. Qxc6 Rc7
21. Qe6 Re8 22. Qf5 Qc8 23. Qd3 Nd5 24. Ne5 Bg5 25. Ndc4 Qe6 26. a4 Rf8 27. g3
Be7 28. f4 a6 29. f5 Qc8 30. Qf3 Nf6 31. g4 Nd7 32. Qh3 Kg8 33. Re1 Bb4 34. Re2
b5 35. axb5 axb5 36. Nxd7 Qxd7 37. Ne5 Qd5 38. Qd3 Rfc8 39. Kf2 Bc3 40. Nf3
Bxb2 41. Rxb2 Rc3  0-1

[Event "2. Bundesliga Ost 2017/2018"]
[Site "alle Wien"]
[Date "2018.02.25"]
[Round "9"]
[Board "6"]
[White "Druckenthaner, Andreas"]
[Black "Gratze, Michael"]
[Result "1-0"]
[WhiteElo "2277"]
[BlackElo "1968"]
[PlyCount "73"]
[EventDate "2017.10.21"]
[EventType "team"]
[EventRounds "11"]
[EventCountry "AUT"]
[WhiteTeam "SK Austria"]
[BlackTeam "Blackburne Nickelsdorf"]

1. e4 c5 2. Nf3 d6 3. Nc3 Nf6 4. g3 Nc6 5. Bg2 g6 6. O-O Bg7 7. d3 O-O 8. h3
Bd7 9. Be3 Rb8 10. a4 Ne8 11. d4 cxd4 12. Nxd4 Ne5 13. b3 Rc8 14. Qe1 Nc7 15.
f4 Nc6 16. Nxc6 Bxc6 17. Rd1 b6 18. Ne2 Ne6 19. a5 bxa5 20. f5 Nc7 21. Qxa5 Qd7
22. Bd4 Nb5 23. Bxg7 Kxg7 24. c4 Nc7 25. Qxa7 Rb8 26. Qd4+ f6 27. Qe3 Na6 28.
Nd4 Nc5 29. g4 Ba8 30. g5 Qb7 31. Rf2 Qb6 32. Rdf1 fxg5 33. Qxg5 Qa7 34. Qe3
Qd7 35. b4 e5 36. bxc5 exd4 37. Qxd4+  1-0

[Event "2. Bundesliga Ost 2017/2018"]
[Site "alle Wien"]
[Date "2018.02.25"]
[Round "9"]
[Board "1"]
[White "Markos, Jan"]
[Black "Jovanovic, Dusan"]
[Result "1/2-1/2"]
[WhiteElo "2562"]
[BlackElo "2379"]
[PlyCount "120"]
[EventDate "2017.10.21"]
[EventType "team"]
[EventRounds "11"]
[EventCountry "AUT"]
[WhiteTeam "ASVOE Pamhagen 2"]
[BlackTeam "SK Sparkasse Bad Voeslau"]

1. d4 Nf6 2. c4 e6 3. Nf3 Bb4+ 4. Nbd2 b6 5. a3 Bxd2+ 6. Qxd2 Bb7 7. e3 O-O 8.
Be2 a5 9. b3 d6 10. Bb2 Nbd7 11. O-O Qe7 12. b4 Rfb8 13. Qc2 Be4 14. Qc3 axb4
15. axb4 Rxa1 16. Bxa1 Ra8 17. Nd2 Bb7 18. f3 Qd8 19. Bb2 Ra4 20. Bd1 Ra7 21.
Nb3 d5 22. Nd2 dxc4 23. Nxc4 Ba6 24. e4 c5 25. Bb3 Qb8 26. bxc5 bxc5 27. Rd1
cxd4 28. Rxd4 Rc7 29. Ba3 Qa7 30. Kh1 h6 31. Qa1 Bxc4 32. Rxc4 Rxc4 33. Bxc4
Ne5 34. Bf1 Qe3 35. Qc1 Qb3 36. Bd6 Ng6 37. h3 Qb6 38. Qc5 Qb1 39. Kg1 Qd1 40.
Bg3 Qa1 41. Qc8+ Kh7 42. Qa6 Qd1 43. Qd3 Qa1 44. Qe3 Nh5 45. Bf2 Nhf4 46. Qe1
Qa3 47. g3 Ne5 48. Qd1 Nxf3+ 49. Kh1 Ng6 50. Kg2 Ng5 51. Bd3 e5 52. h4 Ne6 53.
Bc4 Qb4 54. Bd5 Ne7 55. Qf3 Kg8 56. Bxe6 fxe6 57. Qd3 Nc6 58. Qf3 Qc4 59. Qg4
h5 60. Qg6 Kf8  1/2-1/2

[Event "2. Bundesliga Ost 2017/2018"]
[Site "alle Wien"]
[Date "2018.02.25"]
[Round "9"]
[Board "3"]
[White "Lipka, Juraj"]
[Black "Juhasz, Kristof"]
[Result "1/2-1/2"]
[WhiteElo "2416"]
[BlackElo "2404"]
[PlyCount "33"]
[EventDate "2017.10.21"]
[EventType "team"]
[EventRounds "11"]
[EventCountry "AUT"]
[WhiteTeam "ASVOE Pamhagen 2"]
[BlackTeam "SK Sparkasse Bad Voeslau"]

1. Nf3 d5 2. g3 Nf6 3. Bg2 c6 4. O-O Bg4 5. d3 Nbd7 6. h3 Bxf3 7. exf3 e5 8. f4
exf4 9. Bxf4 Be7 10. c4 Nc5 11. Nc3 dxc4 12. dxc4 O-O 13. Be3 Ne6 14. Ne4 Nxe4
15. Bxe4 Qxd1 16. Raxd1 Bc5 17. Bxc5  1/2-1/2

[Event "2. Bundesliga Ost 2017/2018"]
[Site "alle Wien"]
[Date "2018.02.25"]
[Round "9"]
[Board "4"]
[White "Grimm, Daniel"]
[Black "Maslik, Miroslav"]
[Result "1/2-1/2"]
[WhiteElo "2310"]
[BlackElo "2355"]
[PlyCount "86"]
[EventDate "2017.10.21"]
[EventType "team"]
[EventRounds "11"]
[EventCountry "AUT"]
[WhiteTeam "SK Sparkasse Bad Voeslau"]
[BlackTeam "ASVOE Pamhagen 2"]

1. e4 e6 2. Nf3 d5 3. e5 c5 4. c3 Nc6 5. Bb5 Bd7 6. Ba4 g5 7. h3 Rc8 8. d3 h6
9. O-O Nge7 10. a3 Nf5 11. b4 b6 12. bxc5 bxc5 13. Bc2 d4 14. g4 Nfe7 15. cxd4
Nxd4 16. Nxd4 cxd4 17. Nd2 Nd5 18. Ba4 Nc3 19. Bxd7+ Qxd7 20. Qf3 Bg7 21. a4
Qc6 22. Qxc6+ Rxc6 23. Nf3 Ne2+ 24. Kg2 O-O 25. Re1 Rc2 26. Kf1 Rfc8 27. Bd2
Nc3 28. Rec1 Rxc1+ 29. Rxc1 Rc5 30. Nxd4 Nxa4 31. Nc6 a6 32. Rxc5 Nxc5 33. Ke2
f6 34. d4 Nd7 35. f4 gxf4 36. exf6 Nxf6 37. Bxf4 Nd5 38. Bd2 Kf7 39. Kd3 Kg6
40. Ke4 Nf6+ 41. Kd3 Nd7 42. Ke4 Bf6 43. Ba5 h5  1/2-1/2

[Event "2. Bundesliga Ost 2017/2018"]
[Site "alle Wien"]
[Date "2018.02.25"]
[Round "9"]
[Board "5"]
[White "Alvir, Aco"]
[Black "Wilke, Werner"]
[Result "0-1"]
[WhiteElo "2337"]
[BlackElo "2248"]
[PlyCount "108"]
[EventDate "2017.10.21"]
[EventType "team"]
[EventRounds "11"]
[EventCountry "AUT"]
[WhiteTeam "ASVOE Pamhagen 2"]
[BlackTeam "SK Sparkasse Bad Voeslau"]

1. e4 c5 2. Nf3 a6 3. c3 d6 4. d4 Qc7 5. h3 g6 6. Bd3 Bg7 7. O-O Nd7 8. a4 e5
9. Na3 Ne7 10. Be3 O-O 11. b4 exd4 12. cxd4 cxb4 13. Rc1 Qb8 14. Nc2 a5 15. Bf4
Nb6 16. Bb5 Bd7 17. Bxd7 Nxd7 18. Ne3 Ra6 19. Qe2 Nf6 20. Nc4 Ne8 21. Ncd2 Nc6
22. Nb3 Qd8 23. d5 Ne5 24. Nfd4 Qd7 25. Nb5 f5 26. N3d4 fxe4 27. Bxe5 Bxe5 28.
Ne6 Rf7 29. Qxe4 Ra8 30. f4 Bg7 31. Qc4 Bf6 32. Rfe1 Ng7 33. Qb3 Bd8 34. Re4
Re7 35. Qe3 Nf5 36. Qf2 Ra6 37. Kh2 Bb6 38. Qe1 Ra8 39. Rc2 Rae8 40. g4 Ng7 41.
f5 Rf7 42. Rce2 Bd8 43. Nxg7 Rxe4 44. Rxe4 Kxg7 45. Re6 Rf6 46. Qa1 Kf7 47. g5
Rxf5 48. Qh8 Rxd5 49. Re2 Qf5 50. Qxh7+ Kf8 51. Qh8+ Kf7 52. Qe8+ Kg7 53. Qxd8
Qf4+ 54. Kh1 Qf1+  0-1

[Event "2. Bundesliga Ost 2017/2018"]
[Site "alle Wien"]
[Date "2018.02.25"]
[Round "9"]
[Board "6"]
[White "Miazhynski, Yuri"]
[Black "Franzen, Jozef"]
[Result "1/2-1/2"]
[WhiteElo "2156"]
[BlackElo "2267"]
[PlyCount "113"]
[EventDate "2017.10.21"]
[EventType "team"]
[EventRounds "11"]
[EventCountry "AUT"]
[WhiteTeam "SK Sparkasse Bad Voeslau"]
[BlackTeam "ASVOE Pamhagen 2"]

1. Nf3 Nf6 2. c4 g6 3. g3 Bg7 4. Bg2 O-O 5. O-O d6 6. Nc3 e5 7. d3 c6 8. Rb1
Re8 9. e4 d5 10. b4 dxe4 11. dxe4 Qc7 12. h3 Nbd7 13. Be3 Nf8 14. Qc2 Ne6 15.
Rfd1 Bd7 16. Rd2 Rad8 17. Rbd1 b6 18. a4 Bc8 19. Rxd8 Rxd8 20. Rxd8+ Nxd8 21.
c5 bxc5 22. Bxc5 Ne6 23. Be3 Nd7 24. Bf1 Qb7 25. Qb1 Nd4 26. Nd2 Nf8 27. b5
cxb5 28. Nxb5 Nfe6 29. Nd6 Qxb1 30. Nxb1 Bd7 31. a5 Bf8 32. Nc4 f6 33. f4 exf4
34. gxf4 Bc5 35. Kf2 Kf7 36. Kg3 Ke7 37. Nc3 Bc6 38. Nd5+ Bxd5 39. exd5 Nf5+
40. Kf3 Bxe3 41. Nxe3 Ned4+ 42. Ke4 Nxe3 43. Kxe3 Nb3 44. a6 Kd6 45. Bc4 Nc5
46. Kd4 Nd7 47. h4 Nb6 48. Bb3 Na8 49. f5 gxf5 50. Bc2 h6 51. Bxf5 Nc7 52. Bd3
Nxd5 53. Ke4 Ne7 54. Kf4 Kd5 55. Kg4 Kd4 56. Bb5 Ke5 57. Kh5  1/2-1/2